000 00254nam a2200097Ia 4500
001 719872
005 20250826163221.0
008 250824s9999 xx 000 0 und d
245 0 _aBEN HİÇBİR ŞEY SÖYLEMEDİM
_cAHMET TELLİ
260 _bEVEREST YAYINLARI
999 _c719872
_d719872